|
|
|
|
| LEADER |
00789cam a2200277 7i4500 |
| 001 |
0000027186 |
| 005 |
20111103090000.0 |
| 020 |
0 |
0 |
|a 9789814311007
|
| 090 |
0 |
0 |
|a SEA 330.9
|b REG
|
| 245 |
0 |
0 |
|a Regional outlook :
|b Southeast Asia 2011-2012.
|
| 260 |
0 |
0 |
|a Singapore:
|b Institute of Southeast Asian Studies,
|c 2011.
|
| 300 |
# |
# |
|a 183 p.
|
| 650 |
0 |
0 |
|a Southeast Asia --
|x Political aspects
|
| 650 |
0 |
0 |
|a Southeast Asia --
|x Economic conditions
|
| 651 |
0 |
0 |
|a Southeast Asia
|
| 651 |
0 |
0 |
|a The Philippines
|
| 651 |
0 |
0 |
|a Thailand
|
| 651 |
0 |
0 |
|a Cambodia
|
| 651 |
0 |
0 |
|a Laos
|
| 651 |
0 |
0 |
|a Myanmar
|
| 651 |
0 |
0 |
|a Brunei Darussalam
|
| 651 |
0 |
0 |
|a Vietnam
|
| 651 |
0 |
0 |
|a Malaysia
|
| 651 |
0 |
0 |
|a Indonesia
|
| 651 |
0 |
0 |
|a Singapore
|
| 999 |
|
|
|a B000029447
|b Book
|c Regions
|e Business Information Centre
|